000 00963cam a2200241 a 4500
999 _c328857
_d328857
001 3087681
003 ASAB
005 20170418113935.0
008 980324s1998 enka b 001 0 eng
010 _a 98017627
020 _a0387915192 (pbk. : alk. paper)
040 _aDLC
_cASAB
_dDLC
050 0 0 _aQP356.2
_b.R49 1998
082 0 0 _a612.8
_221
100 1 _aRevest, Patricia.
245 1 0 _aMolecular neuroscience /
_cP. Revest, A. Longstaff.
260 _aOxford :
_bBios Scientific Pub. ;
_aNew York :
_bSpringer,
_cc1998.
300 _axvi, 237 p. :
_bill. ;
_c25 cm.
504 _aIncludes bibliographical references (p. [227]-229) and index.
650 0 _aMolecular neurobiology.
700 1 _aLongstaff, Alan.
906 _a7
_bcbc
_corignew
_d1
_eocip
_f19
_gy-gencatlg
942 _2ddc
_cBK